[Event "Hessen-ch Seniors op 01st"]
[Site "Bad Sooden-Allendorf"]
[Date "2005.04.29"]
[Round "8"]
[White "Vogel, Wolfgang"]
[Black "Helm, Irmgard"]
[Result "1/2-1/2"]
[WhiteElo "1654"]
[BlackElo "1532"]
[PlyCount "108"]
[EventDate "2005.04.22"]
[EventType "swiss"]
[EventRounds "9"]
[EventCountry "GER"]
[SourceTitle "EXT 2007"]
[Source "ChessBase"]
[SourceDate "2006.11.23"]
[SourceVersion "1"]
[SourceVersionDate "2006.11.23"]
[SourceQuality "1"]

1. e4 c5 2. Nc3 d6 3. g3 Nc6 4. Bg2 Nf6 5. d3 e6 6. f4 g6 7. Nf3 Bg7 8. 0-0 0-0 9. h3 Nh5 10. Ne2 f5 11. exf5 exf5 12. c3 Re8 13. Kh2 Rb8 14. d4 cxd4 15. Nexd4 Nxd4 16. Nxd4 d5 17. Qd3 a6 18. Bd2 Nf6 19. Rad1 Bd7 20. Rfe1 Ne4 21. Bxe4 fxe4 22. Qc2 Rc8 23. Qb3 Bc6 24. Be3 Qd7 25. Nxc6 bxc6 26. Bc5 Rb8 27. Qc2 Qf5 28. b3 h5 29. Be3 Bh6 30. c4 Rbc8 31. cxd5 cxd5 32. Qe2 Rc6 33. g4 Bxf4+ 34. Kh1 hxg4 35. hxg4 Qf7 36. Bxf4 Qxf4 37. Rxd5 Rc3 38. Rf1 Qh6+ 39. Kg1 Rg3+ 40. Kf2 Qh2+ 41. Ke1 Qxe2+ 42. Kxe2 Rxg4 43. Ra5 Re6 44. Rc1 e3 45. Rcc5 Rg2+ 46. Ke1 Kf7 47. Rg5 Rf2 48. Rge5 Rf3 49. Rxe6 Kxe6 50. Ke2 Rg3 51. Rxa6+ Kd5 52. Ra4 g5 53. a3 Rg2+ 54. Kxe3 Rg3+ 1/2-1/2

[Event "Hessen-ch Seniors op 01st"]
[Site "Bad Sooden-Allendorf"]
[Date "2005.04.28"]
[Round "7"]
[White "Helm, Irmgard"]
[Black "Noack, Heinz"]
[Result "1/2-1/2"]
[WhiteElo "1532"]
[BlackElo "1506"]
[PlyCount "54"]
[EventDate "2005.04.22"]
[EventType "swiss"]
[EventRounds "9"]
[EventCountry "GER"]
[SourceTitle "EXT 2007"]
[Source "ChessBase"]
[SourceDate "2006.11.23"]
[SourceVersion "1"]
[SourceVersionDate "2006.11.23"]
[SourceQuality "1"]

1. e4 c5 2. Nf3 d6 3. d4 cxd4 4. Nxd4 Nc6 5. Nc3 a6 6. Be2 e6 7. 0-0 Qc7 8. Kh1 Bd7 9. Be3 Nf6 10. f4 Be7 11. f5 0-0 12. Bg4 Ne5 13. Bh3 Rad8 14. fxe6 fxe6 15. Bxe6+ Kh8 16. Nd5 Nxd5 17. exd5 Rxf1+ 18. Qxf1 Bf6 19. Qe2 Re8 20. Rf1 Qc8 21. Rf5 Bxe6 22. Nxe6 Rxe6 23. dxe6 Qxe6 24. Qf1 Ng4 25. Bd4 Ne5 26. h3 Kg8 27. Bxe5 dxe5 1/2-1/2

[Event "Hessen-ch Seniors op 01st"]
[Site "Bad Sooden-Allendorf"]
[Date "2005.04.26"]
[Round "5"]
[White "Helm, Irmgard"]
[Black "Lisek, Irma"]
[Result "1/2-1/2"]
[WhiteElo "1532"]
[BlackElo "1430"]
[PlyCount "49"]
[EventDate "2005.04.22"]
[EventType "swiss"]
[EventRounds "9"]
[EventCountry "GER"]
[SourceTitle "EXT 2007"]
[Source "ChessBase"]
[SourceDate "2006.11.23"]
[SourceVersion "1"]
[SourceVersionDate "2006.11.23"]
[SourceQuality "1"]

1. e4 e5 2. Nf3 Nc6 3. Bb5 d6 4. h3 Nf6 5. d3 Bd7 6. c3 h6 7. Ba4 Be7 8. Bc2 0-0 9. 0-0 Nh7 10. d4 exd4 11. cxd4 Ng5 12. Nc3 Nxf3+ 13. Qxf3 Nxd4 14. Qd3 Nxc2 15. Qxc2 Bg5 16. f4 Bf6 17. Bd2 Bxc3 18. Bxc3 Qh4 19. Rf3 Bc6 20. Qd3 Rfe8 21. Re1 d5 22. Qd4 f6 23. e5 Re6 24. Rfe3 f5 25. Rf1 1/2-1/2

[Event "Hessen-ch Seniors op 01st"]
[Site "Bad Sooden-Allendorf"]
[Date "2005.04.22"]
[Round "1"]
[White "Helm, Irmgard"]
[Black "Eichhorn, Dietmar"]
[Result "0-1"]
[WhiteElo "1532"]
[BlackElo "1660"]
[PlyCount "92"]
[EventDate "2005.04.22"]
[EventType "swiss"]
[EventRounds "9"]
[EventCountry "GER"]
[SourceTitle "EXT 2007"]
[Source "ChessBase"]
[SourceDate "2006.11.23"]
[SourceVersion "1"]
[SourceVersionDate "2006.11.23"]
[SourceQuality "1"]

1. e4 c5 2. Nf3 e6 3. d4 cxd4 4. Nxd4 Nc6 5. Be3 Nf6 6. Bd3 a6 7. Nxc6 dxc6 8. 0-0 Be7 9. f4 Qc7 10. e5 Nd5 11. Qf3 Nxe3 12. Qxe3 b6 13. Qg3 g6 14. Nc3 Bb7 15. Ne4 c5 16. Rad1 Bxe4 17. Bxe4 Rd8 18. Qf3 0-0 19. Qg4 Rxd1 20. Rxd1 Rd8 21. Rf1 Rd4 22. Re1 c4 23. h4 h5 24. Qg3 Kg7 25. Kh2 Qd8 26. Kh3 b5 27. Bf3 Kh6 28. Bb7 Qb6 29. Be4 Qa5 30. Qe3 Bc5 31. f5+ Kg7 32. fxe6 Rd3 33. cxd3 Bxe3 34. Rxe3 Qb6 35. Rg3 Qxe6+ 36. Kh2 Qxe5 37. Kh3 Qe6+ 38. Kh2 f5 39. Bf3 Kf6 40. dxc4 Qxc4 41. b3 Qxh4+ 42. Rh3 Qf4+ 43. Kh1 Qd2 44. a4 bxa4 45. bxa4 Qd4 46. Bc6 Qd1+ 0-1

[Event "Bad Sooden-Allendorf Seniors op 16th"]
[Site "Bad Sooden-Allendorf"]
[Date "2004.04.29"]
[Round "8"]
[White "Helm, Irmgard"]
[Black "Schoeffler, Herta"]
[Result "1-0"]
[WhiteElo "1548"]
[BlackElo "1313"]
[PlyCount "75"]
[EventDate "2004.04.22"]
[EventType "swiss"]
[EventRounds "9"]
[EventCountry "GER"]
[SourceTitle "EXT 2006"]
[Source "ChessBase"]
[SourceDate "2005.11.24"]
[SourceVersion "1"]
[SourceVersionDate "2005.11.24"]
[SourceQuality "1"]

1. e4 e5 2. Nf3 Nc6 3. Bb5 Nge7 4. c3 a6 5. Ba4 b5 6. Bc2 Bb7 7. d4 Ng6 8. 0-0 Be7 9. d5 Na5 10. b3 0-0 11. Nbd2 c6 12. dxc6 Bxc6 13. Bb2 d6 14. Rc1 Nb7 15. c4 Qb6 16. Bb1 f6 17. g3 Qa7 18. h4 bxc4 19. Nxc4 h5 20. Nfd2 Rad8 21. Qxh5 Nh8 22. Ne3 Be8 23. Qg4 Bd7 24. Nf5 Bxf5 25. exf5 Nf7 26. Kg2 Nc5 27. Rce1 Nh6 28. Qg6 Qb7+ 29. f3 Qd5 30. Bc1 Qf7 31. h5 d5 32. Rh1 d4 33. Ne4 Qxg6 34. hxg6 Nxf5 35. Nxc5 Bxc5 36. Bxf5 Rd6 37. Bd3 Bb4 38. Bc4+ 1-0

[Event "Bad Sooden-Allendorf Seniors op 16th"]
[Site "Bad Sooden-Allendorf"]
[Date "2004.04.27"]
[Round "6"]
[White "Bartels, Horst Guenter"]
[Black "Helm, Irmgard"]
[Result "1-0"]
[WhiteElo "1700"]
[BlackElo "1548"]
[PlyCount "47"]
[EventDate "2004.04.22"]
[EventType "swiss"]
[EventRounds "9"]
[EventCountry "GER"]
[SourceTitle "EXT 2006"]
[Source "ChessBase"]
[SourceDate "2005.11.24"]
[SourceVersion "1"]
[SourceVersionDate "2005.11.24"]
[SourceQuality "1"]

1. d4 d5 2. Nf3 e6 3. Bg5 Be7 4. Bf4 Nf6 5. e3 a6 6. Nbd2 Nbd7 7. Bd3 c5 8. c3 c4 9. Bc2 Nh5 10. Ne5 Nxf4 11. exf4 Nf6 12. g4 g6 13. Qe2 Qc7 14. 0-0-0 Qa5 15. Rde1 Qxa2 16. f5 gxf5 17. gxf5 Qa1+ 18. Nb1 0-0 19. Ng4 Kh8 20. Qe5 Rg8 21. Nxf6 Rg7 22. Rhg1 h6 23. Rxg7 Kxg7 24. Rg1+ 1-0